MDQL
is popping MORE tags! Check the
thread
!
Quizzes
Events
Quiz Creation
Community
Videos
Private Events
Remove Ads
Sign In
Join for FREE
Feedback
Dark Mode
Quiz Categories
Sports
Geography
Music
Movies
Television
Just For Fun
Miscellaneous
History
Literature
Language
Science
Gaming
Entertainment
Religion
Holiday
For Kids
Quiz Lab
Recent
Popular Today
Quiz Kudos Today
Editor Picks
Curator Picks
Quizzes by...
Day
Popularity
Type
Ratings
Length
Year
Community
Subscriptions
Recent Discussions
Orange Saloon
Badges
Playlists
Quests
Create
Leaderboards
Showdown
Live 5
Trivia Bingo
Activity
Puzzle Library
Sporcle Events
Private Events
Virtual Trivia
Globe League
Become a Host
Pub Owners
SporcleCon
Opinionation
Our Games
Videos
Blog
Mobile Apps
Partnerships
Remove Ads and Go Orange
Feedback
Television
TV Characters
TV Show
Sitcom
Network
Friends
Reality Shows
Cast
South Park
Star Trek
The Simpsons
Doctor Who
Television
TV Characters
TV Show
Sitcom
Network
Friends
Reality Shows
Cast
South Park
Star Trek
The Simpsons
Doctor Who
Random Quiz
Search Sporcle
×
Quiz Lab
Quiz Lab
Television
horrible
Type in answers that appear in a list
Type in answers that appear in a list
Classic
Best Score? Go Orange.
Horrible Histories - guess the lyrics Stats
Can you name the lyrics?
By
Lenella
8m
218 Questions
536 Plays
536 Plays
536 Plays
Comments
Comments
Give Quiz Kudos
Give Quiz Kudos
-
- Ratings
hide this ad
Replay
Link that replays current quiz
Next Quiz
Link to next quiz in quiz playlist
You Got
0%
They Got
Avg Score
35%
Avg Friend Score
Upgrade to see
Score Distribution
Jump to the score distribution portion of the page
Score
0/218
Timer
08:00
0
Plays Today
% Correct
the
82.5%
the
82.5%
the
82.5%
we
67.4%
we
67.4%
we
67.4%
we
67.4%
we
67.4%
we
67.4%
we
67.4%
and
64.6%
and
64.6%
and
64.6%
and
64.6%
and
64.6%
and
64.6%
you
63.2%
you
63.2%
you
63.2%
you
63.2%
to
59%
to
59%
to
59%
to
59%
to
59%
to
59%
to
59%
to
59%
to
59%
In
57.8%
in
57.8%
in
57.8%
in
57.8%
in
57.8%
is
51.7%
is
51.7%
I
49.6%
i
49.6%
no
49.1%
no
49.1%
so
48.3%
so
48.3%
they
48.1%
will
47.8%
will
47.8%
will
47.8%
will
47.8%
Queen
47%
are
46.6%
are
46.6%
are
46.6%
my
45.7%
we're
44.4%
we're
44.4%
we're
44.4%
if
42%
if
42%
if
42%
for
41.6%
not
40.1%
not
40.1%
who
39.4%
who
39.4%
of
39.2%
terrible
38.4%
terrible
38.4%
terrible
38.4%
terrible
38.4%
terrible
38.4%
terrible
38.4%
a
37.3%
a
37.3%
work
37.1%
% Correct
work
37.1%
work
37.1%
work
37.1%
work
37.1%
work
37.1%
work
37.1%
work
37.1%
work
37.1%
work
37.1%
work
37.1%
work
37.1%
work
37.1%
work
37.1%
you're
36.9%
what
36.8%
what
36.8%
old
36.2%
am
36.2%
your
36.2%
from
36%
from
36%
good
35.8%
our
35.4%
our
35.4%
us
35.4%
our
35.4%
day
35.3%
their
35.1%
this
34.3%
Victoria's
34.1%
get
34%
get
34%
get
34%
get
34%
get
34%
get
34%
need
32.5%
that
32.5%
industrial
31.9%
more
31.7%
revolution
31.5%
kids
31.3%
wages
31.3%
wages
31.3%
kids
31.3%
said
31%
let
30.8%
up
30.6%
employ
30.6%
employ
30.6%
too
30%
out
30%
very
29.7%
very
29.7%
all
29.3%
or
29.3%
just
29.1%
chimneys
28.9%
chimneys
28.9%
school
28.9%
school
28.9%
school
28.9%
school
28.9%
school
28.9%
clean
28.7%
have
28.5%
please
28.4%
went
28.2%
now
28%
now
28%
see
27.2%
poor
27.1%
by
27.1%
% Correct
weeks
26.9%
Victorian
26.7%
employees
26.5%
ages
26.5%
caught
26.3%
caught
26.3%
bosses
26.1%
cost
26.1%
wish
26.1%
young
25.9%
factory
25.9%
ever
25.9%
solution
25.7%
they'll
25.6%
long
25.2%
hours
25%
needed
24.8%
families
24.3%
machines
24.1%
wonderful
24.1%
stop
23.9%
cry
23.5%
make
22.9%
climb
22.8%
strong
22.8%
hands
22.8%
master
22.2%
time
22.2%
power
21.8%
unsatisfactory
21.8%
ladies'
21.8%
meant
21.6%
trap
21.6%
taught
21.6%
pick
21.5%
small
21.3%
pitiful
21.1%
lockets
21.1%
sacked
20.9%
desperately
20.7%
gentlemen
20.7%
glorious
20.7%
cleaning
20.3%
learn
20.3%
safety
20.3%
cleaning
20.3%
grids
20%
pins
20%
hurt
20%
pockets
19.6%
dreaming
19.6%
health
19.4%
away
19.4%
faster
19.2%
there's
19.2%
wallets
19.2%
enough
19%
big
18.5%
gages
18.1%
back
18.1%
hardly
16.8%
marvellous
16%
replace me
15.5%
demeaning
15.3%
cash
14.9%
dangerous
14.9%
spokes
14.6%
short
14%
guess
13.8%
grow
11%
complain
10.4%
pain
5.4%
Quiz Playlist
Details
Report
Send in Message
Add To Playlist
Classic:
Type in answers that appear in a list
Last Updated: Feb 16, 2017
Quiz Scoreboard
CHALLENGE
Sign Up to Join the Scoreboard
Show All
Scores
Hide
Comments
May contain spoilers
Recently Published
Two Season TV Shows II
by 123Four
Television
10m
Image Sorting: Flags VI
by Barbecue
Geography
2m
Find the 'City' Movie
by crazypaving
Movies
60s
More to Explore
Quiz From the Vault
Featured Blog Post
14 Easter Pick-up Lines to Find Eggs With
hide this ad
You Might Also Like...
Tags
horrible
Today's Top Quizzes in Television
Browse Television
hide this ad
Today's Top Quizzes in horrible
Browse horrible
Top Contributed Quizzes in Television
1
Survivor Journey Challenge
2
Even More Two Season TV Shows
3
Adjectives in 00s TV Shows
4
Brooklyn Nine Nine Logic Puzzle (How-To-Play)
5
Adjectives in 10s TV Shows
6
Click the SpongeBob Episodes (Season 3)
7
Even More Three Season TV Shows
8
Survivor Logic Puzzle: Heroes vs. Villains
9
Total Drama Characters
10
Survivor Heroes vs. Villains Logic Puzzle
Explore More
Trending Topics
Anime
Kpop
Disney
Harry Potter
NBA
Crossword
Marvel
Puzzle
The Office
WWE
Pokémon
Song
Country
NFL
Soccer
hide this ad
More By:
Lenella
Quiz
Plays
Rating
Category
Featured
Created
Shopping in Diagon Alley (Clickable)
11,411
2.20
Literature
May 7, 2012
Harry Potter Wizard Transportation (Clickable)
7,864
3.07
Literature
Apr 11, 2012
Fill in the Blanks - Horrible Histories Songs
2,374
5.00
Television
Jun 19, 2011
Horrible Histories Picture Quiz
900
3.57
Television
May 3, 2012
Harry Potter Teachers (HARD)
596
4.60
Literature
May 6, 2011
Go to Creator's Profile
Score Distribution
Quiz Creator Spotlight
Lenella
Follow
Send a Message
Quizzes Created
-
Created Quiz Play Count
-
More By This Creator
Popular Quizzes Today
1
Find the US States - No Outlines Minefield
2
Colored Red Africa Blitz
3
Find the 'City' Movie
4
5x2 Blitz: Bands
5
The Countries of the World
6
Find the Countries of Europe - No Outlines Minefield
7
Find the US States
8
US States
More Television Quizzes
A-Z TV Drama
Editor's Pick
Trending Quizzes
Colored Red Europe Blitz I
Colored Red Africa Blitz II
Colored Red Europe Blitz II
Even More Two Season TV Shows
Colored Red Africa Blitz III
Recently Updated
March Madness Men's Triple Doubles
pecheneg
How Do You Spell That?
pecheneg
Godzilla Movies
pecheneg
Grab Bag: 4-10 Letters
pecheneg
2024 March Madness Bracket
pecheneg
Famous TV Couples
Peacemaker
Champions League XIs: Real Madrid
pecheneg
Largest US Cities 1790-2010
pecheneg
Rides in Walt Disney World
pecheneg
Most Oscar Losses (Acting)
pecheneg
Trending Topics
Marvel
Kpop
Anime
Crossword
NBA
Harry Potter
Disney
Soccer
Pokémon
Song
Puzzle
NFL
Country
WWE
The Office
Your Account Isn't Verified!
In order to create a playlist on Sporcle, you need to verify the email address you used during registration. Go to your
Sporcle Settings
to finish the process.
Report this User
Report this user for behavior that violates our
Community Guidelines
.
Details:
Send Report
Go to the Sporcle.com Mobile Site →
Comments